Správa o hospodárení škôl a školských zariadení

Objem finančných prostriedkov určených pre regionálne školstvo v roku 2011. Zdroje financovania regionálneho školstva v roku 2011. Prostriedky zo štátneho rozpočtu, mimorozpočtové prostriedky. Štruktúra finančných prostriedkov z RK MŠVVaŠ SR v roku 2011. Štruktúra kapitálových výdavkov v roku 2011.

Guardado en:
Detalles Bibliográficos
Autor principal: Bulková, Gabriela
Formato: Capítulo de libro
Lenguaje:eslovaco
Materias:
Etiquetas: Agregar Etiqueta
Sin Etiquetas, Sea el primero en etiquetar este registro!

MARC

LEADER 00000naa a2200000 4500
001 0158404
005 20231120123909.3
041 0 |a slo 
044 |a SK 
245 1 0 |a Správa o hospodárení škôl a školských zariadení  |c Gabriela Bulková 
520 |a Objem finančných prostriedkov určených pre regionálne školstvo v roku 2011. Zdroje financovania regionálneho školstva v roku 2011. Prostriedky zo štátneho rozpočtu, mimorozpočtové prostriedky. Štruktúra finančných prostriedkov z RK MŠVVaŠ SR v roku 2011. Štruktúra kapitálových výdavkov v roku 2011. 
610 2 0 |a školstvo 
610 2 0 |a regióny 
610 2 0 |a školy 
610 2 0 |a zariadenia školské 
610 2 0 |a hospodárenie finančné 
610 2 0 |a 2011 
100 1 |a Bulková, Gabriela